Songs from the First Line(s) - 1985 - Statistics

General Stats
  • This quiz has been taken 135 times
  • The average score is 15 of 30
Answer Stats
Hint Answer % Correct
Songs I got my first real six-string / Bought it at the five-and-dime / Played it 'til my fingers bled / Was the summer of '69 Song Summer Of '69
90%
Songs Oh, thinkin' about all our younger years / There was only you and me / We were young and wild and free Artist(s) Bryan Adams
86%
Songs I got my first real six-string / Bought it at the five-and-dime / Played it 'til my fingers bled / Was the summer of '69 Artist(s) Bryan Adams
86%
Songs Some boys kiss me, some boys hug me / I think they're OK / If they don't give me proper credit, I just walk away Artist(s) Madonna
81%
Songs The power of love is a curious thing / Make a one man weep, make another man sing / Change a hawk to a little white dove Song The Power Of Love
80%
Songs Some boys kiss me, some boys hug me / I think they're OK / If they don't give me proper credit, I just walk away Song Material Girl
75%
Songs There comes a time when we heed a certain call / When the world must come together as one / There are people dying / Oh, when it's time to lend a hand to life Song We Are The World
74%
Songs Say "you", say "me", / Say it for always. That's the way it should be. / Say "you", say "me", / Say it together, naturally. Song Say You, Say Me
69%
Songs Say "you", say "me", / Say it for always. That's the way it should be. / Say "you", say "me", / Say it together, naturally. Artist(s) Lionel Richie
68%
Songs Meeting you with a view to a kill / Face to face in secret places, feel the chill / Nightfall covers me, but you know the plans I'm making Song A View To A Kill
67%
Songs The power of love is a curious thing / Make a one man weep, make another man sing / Change a hawk to a little white dove Artist(s) Huey Lewis & The News
66%
Songs Meeting you with a view to a kill / Face to face in secret places, feel the chill / Nightfall covers me, but you know the plans I'm making Artist(s) Duran Duran
65%
Songs There comes a time when we heed a certain call / When the world must come together as one / There are people dying / Oh, when it's time to lend a hand to life Artist(s) USA for Africa
59%
Songs Would I lie to you? (oh yeah) / Would I lie to you honey? (oh, no, no no) / Now would I say something that wasn't true? Song Would I Lie To You?
51%
Songs Welcome to your life / There's no turning back / Even while we sleep / We will find you Song Everybody Wants To Rule The World
48%
Songs Welcome to your life / There's no turning back / Even while we sleep / We will find you Artist(s) Tears For Fears
47%
Songs Oh, thinkin' about all our younger years / There was only you and me / We were young and wild and free Song Heaven
45%
Songs Ow / Mm, yeah / I used to think maybe you loved me, now, baby, I'm sure / And I just can't wait till the day when you knock on my door Song Walking On Sunshine
45%
Songs Ow / Mm, yeah / I used to think maybe you loved me, now, baby, I'm sure / And I just can't wait till the day when you knock on my door Artist(s) Katrina and the Waves
41%
Songs There's a boy I know, he's the one I dream of / Looks into my eyes, takes me to the clouds above Artist(s) Whitney Houston
39%
Songs Hey Frankie?! / I was walking down the street one day / When I looked up I saw a friend. Song Frankie
38%
Songs Would I lie to you? (oh yeah) / Would I lie to you honey? (oh, no, no no) / Now would I say something that wasn't true? Artist(s) Eurythmics
35%
Songs Snow is falling / All around me / Children playing / Having fun / It's the season / Love and understanding Song Merry Christmas Everyone
30%
Songs There's a boy I know, he's the one I dream of / Looks into my eyes, takes me to the clouds above Song How Will I Know
29%
Songs Snow is falling / All around me / Children playing / Having fun / It's the season / Love and understanding Artist(s) Shakin' Stevens
28%
Songs Hey Frankie?! / I was walking down the street one day / When I looked up I saw a friend. Artist(s) Sister Sledge
22%
Songs And I never thought I'd feel this way / And as far as I'm concerned / I'm glad I got the chance to say / That I do believe I love you Artist(s) Dionne Warwick / Elton John / Gladys Knight / Stevie Wonder
21%
Songs When it feels like the world is on your shoulders / And all of the madness has got you going crazy / It's time to get out, step out into the street Song Rhythm Of The Night
9%
Songs When it feels like the world is on your shoulders / And all of the madness has got you going crazy / It's time to get out, step out into the street Artist(s) DeBarge
8%
Songs And I never thought I'd feel this way / And as far as I'm concerned / I'm glad I got the chance to say / That I do believe I love you Song That's What Friends Are For
6%
No matching quizzes found
Score Distribution
Percent of People with Each Score
Percentile by Number Answered
Your Score History
You have not taken this quiz